000 00422nam a2200133Ia 4500
008 210430s9999 xx 000 0 und d
082 _a658 L7161 I
100 _aHillier.
245 _aIntroduction to operations research, seventh edition /
_cHillier.
260 _a[S.l.] :
_bMcGraw-Hill,
_c2001
300 _a1 v. (unpaged)
856 _uhttp://www.amazon.com/exec/obidos/ASIN/B001F0T7M6/chopaconline-20
942 _2ddc
999 _c562141
_d562141